Normal view
MARC view
- Sayings Of The Holy Prophet Muhammad PBUH Agreed Upon Ahadith
Entry Topical Term
001 - CONTROL NUMBER
- control field: 88902
003 - CONTROL NUMBER IDENTIFIER
- control field: NUST
005 - DATE AND TIME OF LATEST TRANSACTION
- control field: 20220210095708.0
008 - FIXED-LENGTH DATA ELEMENTS
- fixed length control field: 220210|| aca||aabn | a|a d
040 ## - CATALOGING SOURCE
- Original cataloging agency: NUST
- Transcribing agency: NUST
150 ## - HEADING--TOPICAL TERM
- Topical term or geographic name entry element: Sayings Of The Holy Prophet Muhammad PBUH Agreed Upon Ahadith
670 ## - SOURCE DATA FOUND
- Source citation: Work cat.: (NUST)587686: Syed Maqbool Hussain 88594, Sayings Of The Holy Prophet Muhammad PBUH: , 2020.
